Представление документа в формате RUSMARC

ПолеНазваниеЗначение
  Тип записи a
  Библиографический уровень c
001 Контрольный номер 86d01b9debda4a73b97385ab996a9120
005 Дата корректировки 20201206204444.1
010 Индекс ISBN __
d Цена 1-91
101 Язык документа __
a Язык текста rus
200 Заглавие и сведения об ответственности __
a Заглавие Россия
b Общее обозначение материала Текст
i Наименование части Сказки Брянского леса
i Наименование части Хлеб. Земля. Космос. Человек
i Наименование части За морями, за долами
i Наименование части Приключенческие повести
210 Выходные данные __
a Место издания М.
c Издательство Молодая гвардия
d Дата издания 1977
215 Физическое описание __
a Объем 478 с.
461 Уровень набора __
1 2001
a Собрание сочинений
v Т. 5
606 Тематические рубрики __
a Основная рубрика Художественная литература
y Географическая подрубрика Россия
606 Тематические рубрики __
a Основная рубрика Русская литература XX в. (произведения)
610 Ключевые слова __
a Ключевые слова автобиографии; заметки; репортажи; военная тема; прозаики; тема войны
686 Индексы других классификаций __
a Классификационный индекс 84(2Рос=Рус)6-4
700 Автор __
a Фамилия Алексеев
b Имя М. Н.
4 Код отношения 070
801 Источник записи _0
a Страна RU
b Организация Муниципальное бюджетное учреждение культуры "Централизованная библиотечная система" г. Сургут (Центральная городская библиотека им. А. С. Пушкина)
g Правила каталогизации КиК/Михайлова
801 Источник записи _1
a Страна RU
b Организация Муниципальное бюджетное учреждение культуры "Централизованная библиотечная система" г. Сургут (Центральная городская библиотека им. А. С. Пушкина)
g Правила каталогизации КиК/Михайлова
852 Данные о местонахождении __
j Шифр хранения 84(2Рос=Рус)6-4
i Авторский знак А 47
p Инвентарный номер 65303(с); 65304(с)
901 Тип документа __
t Тип документа x
903 Характеристики (МАРС) __
a Дата передачи 20061218
969 Тип издания __
a Тип издания сборник
990 Данные о заказе (DOS) __
j Количество экземпляров (DOS) 2
t N записи в КСУ для И/У (DOS) ретро